| 000 | 01137nam a22002537a 4500 | ||
|---|---|---|---|
| 003 | DO-SdBNP | ||
| 005 | 20240412074310.0 | ||
| 007 | ta | ||
| 008 | 100127t2007 dr 001 0dspa d | ||
| 040 |
_aDO-SdBNP _bspa _cBNPHU |
||
| 082 | 4 | _222 | |
| 100 | 1 |
_aGómez Ramírez, José Miguel, _d1948 - _933753 |
|
| 245 | 1 | 0 |
_aTrazs anecdóticos / _cJosé Miguel Gómez Ramírez ; prólogo Isidra Mejías de la Rocha. |
| 260 |
_aSanto Domingo : _bLozano, _c2007. |
||
| 300 |
_a482 p. ; _c22 cm. |
||
| 500 | _aIncluye datos biográficos del autor en la contracubierta. | ||
| 505 | 2 |
_aNotas del autor-- _tPrólogo -- _rMinucias femeninas-- _tSabores de justicia -- _tRasgos militares -- _tTrazos de muerte -- _tSemblanza de animales -- _tConducta de escritores -- _tComportamiento de músicos -- _tMujeres extraordinarias -- _tPeculiaridades -- _tCavilaciones -- _tReligiosas -- _tOtras. |
|
| 590 | _aInventariado, 2023/BT | ||
| 650 | 4 |
_aPersonajes famosos _xAnécdotas, chístes y sátiras _933755 |
|
| 650 | 4 |
_aAnécdotas _921242 |
|
| 650 | 0 |
_aLiteratura dominicana. _967 |
|
| 700 | 1 |
_aMejías de la Rocha, Isidra, _eprólogo _933756 |
|
| 942 |
_2ddc _cLBS1 |
||
| 999 |
_c53151 _d53151 |
||